ბათუმის შოთა რუსთაველის სახელმწიფო უნივერსიტეტის ბიბლიოთეკა

ქართულ-სპარსული ლექსიკონი / (ბიბ.ჩანაწერი № 53166)

000 -ლიდერი
ფიქსირებული სიგრძის საკონტროლო ველი 01110nam a2200229Ia 4500
001 - საკონტროლო ნომერი
საკონტროლო ველი 20205
003 - საკონტროლო ნომრის იდენტიფიკატორი
საკონტროლო ველი GE_BSU
005 - ბოლო ოპერაციის თარიღი და დრო
საკონტროლო ველი 20200610191357.0
008 - ფიქსირებული სიგრძის მონაცემთა ელემენტები - ზოგადი ინფორმაცია
ფიქსირებული სიგრძის საკონტროლო ველი 181216s2016||||ge |||||||||||||| ||geo||
020 ## - წიგნის საერთაშორისო სტანდარტული ნომერი
International Standard Book Number 9789941115325
040 ## - კატალოგიზაციის წყარო
Transcribing agency GE_BSU
041 ## - ენის კოდი
Language code of text/sound track or separate title geo
080 ## - უნივერსალური ათობითი კლასიფიკაციის ინდექსი
Universal Decimal Classification number 811.353.(038):811.222(038) რ-56
100 ## - მთავარი ჩანაწერი - პიროვნების სახელი
Personal name რიგი, მოჰამედ
9 (RLIN) 8329
245 ## - ცნობა სათაურის შესახებ
Title ქართულ-სპარსული ლექსიკონი /
Statement of responsibility, etc მოჰამედ, რიგი
300 ## - ფიზიკური აღწერა
Extent 654 გვ. ;
Dimensions 29 სმ.
500 ## - ზოგადი შენიშვნა
General note წიგნი დაიბეჭდა საქართველოში ირანის ისლამური რესპუბლიკის საელჩოს კულტურის განყოფილების მხარდაჭერით
546 ## - LANGUAGE NOTE
Language note გარეკანი და თავფურცელი აგრეთვე სპარსულ ენაზე
653 ## - INDEX TERM--UNCONTROLLED
Uncontrolled term ლექსიკონი
653 ## - INDEX TERM--UNCONTROLLED
Uncontrolled term ქართულ-სპარსული ლექსიკონი
942 ## - ADDED ENTRY ELEMENTS (KOHA)
Koha item type წიგნი
Source of classification or shelving scheme
ეგზემპლარები
ჩამოწერის სტატუსი დაკარგული ეგზემპლარის სტატუსი კლასიფიკაციის წყარო ან თაროზე გაწყობის სქემა დაზიანების სტატუსი არ გაიცემა მუდმივი მდებარეობა (დაცვის ადგილი) ამჟამინდელი ადგილსამყოფელი თაროზე განთავსების ადგილი შეძენის თარიღი სრული შენახვის შიფრი შტრიხკოდი ბოლო ოპერაციის თარიღი ეგზემპლარის მიმდევრობითი ნომერი (კეტერი?) ფასის ძალაში შესვლის თარიღი ეგზემპლარის სახეობა
          ბათუმის შოთა რუსთაველის სახელმწიფო უნივერსიტეტის მთავარი ბიბლიოთეკა ბათუმის შოთა რუსთაველის სახელმწიფო უნივერსიტეტის მთავარი ბიბლიოთეკა წიგნსაცავი 2018-12-17 811.353.(038):811.222(038) რ-56 52777 2018-12-17 52777 2018-12-17 წიგნი